000 00332nam a2200133 4500
005 20260530115304.0
100 1 _aClaire Rayner
_931739
245 1 0 _aFor Children
264 1 _bDesign Centre Publication
_c1967
300 _a64 páginas
336 _atexto
_2rdacontent
337 _asin medio
_2rdamedia
338 _avolumen
_2rdacarrier
999 _c13021
_d13021